[Event "Wch Seniors 12th"]
[Site "Naumburg"]
[Date "2002.10.23"]
[Round "3"]
[White "Shlakman, Itzhak"]
[Black "Littlewood, John Eric"]
[Result "1/2-1/2"]
[WhiteElo "2127"]
[BlackElo "2292"]
[PlyCount "33"]
[EventDate "2002.10.21"]
[EventType "swiss"]
[EventRounds "11"]
[EventCountry "GER"]
[SourceTitle "EXT 2006"]
[Source "ChessBase"]
[SourceDate "2005.11.24"]
[SourceVersion "1"]
[SourceVersionDate "2005.11.24"]
[SourceQuality "1"]

1. d4 Nf6 2. c4 g6 3. Nc3 Bg7 4. e4 d6 5. Nf3 0-0 6. h3 e5 7. dxe5 dxe5 8. Qxd8 Rxd8 9. Nd5 Nxd5 10. cxd5 c6 11. Bc4 b5 12. Bb3 Bb7 13. Bg5 Re8 14. Rc1 a5 15. a3 a4 16. Ba2 b4 17. axb4 1/2-1/2

[Event "Wch Seniors 12th"]
[Site "Naumburg"]
[Date "2002.10.22"]
[Round "2"]
[White "Ljubarskij, Jurij"]
[Black "Shlakman, Itzhak"]
[Result "0-1"]
[WhiteElo "2317"]
[BlackElo "2127"]
[PlyCount "74"]
[EventDate "2002.10.21"]
[EventType "swiss"]
[EventRounds "11"]
[EventCountry "GER"]
[SourceTitle "EXT 2006"]
[Source "ChessBase"]
[SourceDate "2005.11.24"]
[SourceVersion "1"]
[SourceVersionDate "2005.11.24"]
[SourceQuality "1"]

1. e4 e5 2. Nf3 Nc6 3. Bb5 a6 4. Ba4 Nf6 5. 0-0 b5 6. Bb3 Be7 7. d4 d6 8. c3 Bg4 9. d5 Na5 10. Bc2 0-0 11. Nbd2 c5 12. Re1 Qc7 13. Nf1 c4 14. h3 Bd7 15. g4 Ne8 16. Ng3 g6 17. Nh2 Bh4 18. Kg2 Ng7 19. Bh6 Nb7 20. Qd2 f6 21. Rf1 Nd8 22. Ne2 Nf7 23. Nf3 g5 24. Bxg7 Kxg7 25. Nxh4 gxh4 26. f4 h5 27. gxh5 Rh8 28. Kh2 Rhg8 29. Rg1+ Kf8 30. Rxg8+ Kxg8 31. Qe1 Qc5 32. f5 Qe3 33. Ng1 Qf4+ 34. Kh1 Qg3 35. Rd1 Ng5 36. Qf1 Qe3 37. Re1 Qg3 0-1